Multi-level Governance Reforms Overview of OECD Country Experiences
Gespeichert in:
| Weitere Verfasser: | , |
|---|---|
| Format: | Buch |
| Sprache: | Englisch |
| Veröffentlicht: |
Paris
OECD
2017
|
| Schriftenreihe: | OECD Multi-level Governance Studies
|
| Schlagworte: | |
| Tags: |
Keine Tags, Fügen Sie das erste Tag hinzu!
|
MARC
| LEADER | 00000nam a2200000 4500 | ||
|---|---|---|---|
| 001 | 0241361 | ||
| 005 | 20240314123209.3 | ||
| 020 | |a 978-92-64-27264-4 | ||
| 041 | 0 | |a eng | |
| 044 | |a FR | ||
| 245 | 1 | 0 | |a Multi-level Governance Reforms |b Overview of OECD Country Experiences |c Edited by: Isabelle Chatry et Claudia Hulbert |
| 264 | 1 | |a Paris |b OECD |c 2017 | |
| 300 | |a 171 s. | ||
| 490 | 1 | |a OECD Multi-level Governance Studies | |
| 830 | 0 | |a OECD Multi-level Governance Studies | |
| 610 | 2 | 0 | |a správa verejná |
| 610 | 2 | 0 | |a reformy |
| 610 | 2 | 0 | |a reformy hospodárske |
| 610 | 2 | 0 | |a reformy sociálne |
| 610 | 2 | 0 | |a rozpočty |
| 610 | 2 | 0 | |a inštitúcie verejnoprávne |
| 610 | 2 | 0 | |a decentralizácia |
| 610 | 2 | 0 | |a regióny |
| 610 | 2 | 0 | |a samospráva |
| 610 | 2 | 0 | |a obce |
| 610 | 2 | 0 | |a štúdie prípadové |
| 610 | 2 | 0 | |a ukazovatele |
| 610 | 2 | 0 | |a porovnanie medzinárodné |
| 700 | 1 | |a Chatry, Isabelle | |
| 700 | 1 | |a Hulbert, Claudia | |